Vládne opatrenia na zlepšenie podnikateľského prostredia

Návrh opatrení na zlepšenie podnikateľského prostredia bol schválený na rokovaní vlády SR 28. júna 2017 uznesením vlády SR č. 327 s termínmi plnenia pre jednotlivé ústredné orgány štátnej správy najneskôr do 31. decembra 2019. Vládne opatrenia sa týkajú týchto oblastí: zamestnávanie, služby verenej...

Ausführliche Beschreibung

Gespeichert in:
Bibliographische Detailangaben
1. Verfasser: Hmírová, Lenka
Format: Buchkapitel
Sprache:Slowakisch
Schlagworte:
Tags: Tag hinzufügen
Keine Tags, Fügen Sie das erste Tag hinzu!

MARC

LEADER 00000naa a2200000 4500
001 0235665
005 20220805074217.7
041 0 |a slo 
044 |a SK 
245 1 0 |a Vládne opatrenia na zlepšenie podnikateľského prostredia  |c Lenka Hmírová 
520 |a Návrh opatrení na zlepšenie podnikateľského prostredia bol schválený na rokovaní vlády SR 28. júna 2017 uznesením vlády SR č. 327 s termínmi plnenia pre jednotlivé ústredné orgány štátnej správy najneskôr do 31. decembra 2019. Vládne opatrenia sa týkajú týchto oblastí: zamestnávanie, služby verenej správy, dane a konkurencieschopnosť podnikov, podpora podnikania. 
610 2 0 |a prostredie podnikateľské 
610 2 0 |a podnikanie 
610 2 0 |a zamestnanie 
610 2 0 |a zamestnávatelia 
610 2 0 |a zamestnanci 
610 2 0 |a správa verejná 
610 2 0 |a dane 
610 2 0 |a preddavky 
610 2 0 |a podpora podnikania 
610 2 0 |a opatrenia 
610 2 0 |a vláda 
610 2 0 |a Slovensko 
100 1 |a Hmírová, Lenka